LEADER 00601nam a2200193 i 4500 001 000000257359 003 CaOOAMICUS 005 20180222000000.0 008 180222s1840 xx u000 u fre u 013 $a236267 040 $aSeMil$bita 245 10$aTome 7. 300 $a407 p. 773 0 $aNiebuhr, Barthold Georg$tHistoire romaine.$dParis : Chez Levrault, 1830-1840.$g7$w()5012 850 $aSeMil 852 $aSeMil$W1$xVenegono$y1$m3R III 21 FA$j207705$B207705$CSeMilBibl$Z2$F221221 $8I 941 1 $a10 961 $aRecupero: Mantegazza 996 $6245$aTome 7$9(OLS)http://semarc/title/1606 LEADER 00700nam a2200193 i 4500 001 000000215708 003 CaOOAMICUS 005 20120905000000.0 008 120905s1860 it u000 u ita u 013 $a194583 040 $aSeMil$bita 245 10$aParte 2. 300 $a403 p. 490 0 $aBiblioteca cattolica popolare 773 0 $aNicolas, Jean-Jacques-Auguste <1807-1888>$tVergine Maria vivente nella Chiesa.$dMilano : Carlo Turati, 1860.$g2$w()27333 830 0$aBiblioteca cattolica popolare.$0(OLS)http://semarc/title/36986 850 $aSeMil 852 $aSeMil$W1$xVenegono$y1$m2B II 59 FA$j166128$B166128$CSeMilBibl$Z2$F177075 $8I 996 $6245$aParte 2$9(OLS)http://semarc/title/108333